A estudiar se aprende: metodología de estudio sesión por sesión
Saved in:
| Main Authors: | , , |
|---|---|
| Format: | Bog |
| Sprog: | spansk |
| Udgivet: |
Santiago
Universidad Católica de Chile
2003
|
| Udgivelse: | 9a. ed |
| Serier: | Aprendizaje
|
| Fag: | |
| Tags: |
Tilføj Tag
Ingen Tags, Vær først til at tagge denne postø!
|
MARC
| LEADER | 00000nam a2200000 a 4500 | ||
|---|---|---|---|
| 001 | UCL8545 | ||
| 003 | CL-VaPUC | ||
| 008 | 040625e20030000CL |||||||||||||||||spa|d | ||
| 020 | |a 9561404575 | ||
| 082 | 0 | 4 | |a 371.302 |b GAR |2 21 |
| 100 | |a García-Huidobro Barros, Cecilia |e author |9 486435 | ||
| 700 | 0 | |a Gutiérrez Gutiérrez, María Cristina |e author |9 486436 | |
| 700 | 0 | |a Condemarín Grimberg, Eliana |e author |9 486437 | |
| 245 | 1 | 0 | |a A estudiar se aprende: metodología de estudio sesión por sesión |
| 250 | |a 9a. ed | ||
| 300 | |a 172 p | ||
| 942 | |c BK | ||
| 945 | |d 20040625 00:00:00 |a cmena | ||
| 260 | |a Santiago |b Universidad Católica de Chile |c 2003 | ||
| 650 | 0 | |a Métodos de estudio |9 260518 | |
| 650 | 0 | |a Aprendizaje |9 254827 | |
| 650 | 0 | |a Memoria |9 266549 | |
| 650 | 0 | |a Comprensión de lectura |9 307588 | |
| 650 | 0 | |a Escritura |9 264941 | |
| 583 | |a last modification |c 20040625 00:00:00 |k Rodrigo Vera | ||
| 490 | 0 | |a Aprendizaje | |
| 999 | |c 309779 |d 309777 | ||
| 952 | |0 0 |1 0 |4 0 |6 371_302000000000000_GAR_2003 |7 0 |8 A |9 377527 |a BIBTEO |b BIBTEO |d 2019-11-21 |i 4030249 |o 371.302 GAR 2003 |p 4030249 |r 2025-01-17 |w 2019-11-21 |y BK |k ICR | ||
| 952 | |0 0 |1 0 |4 0 |6 371_302000000000000_GAR_2003 |7 0 |8 A |9 377528 |a BIBTEO |b BIBTEO |d 2019-11-21 |i 4258673 |o 371.302 GAR 2003 |p 4258673 |r 2025-01-17 |w 2019-11-21 |y BK |k ICR | ||